00723nam a2200181Ia 4500008004100000020001500041041001200056082001600068100001600084245002000100260004100120300001000161650001500171942000700186999001500193952017200208952016100380221030s9999 xx 000 0 und d a8185749183 aEnglish a105.23bKum aD. S. Kumar 0aFluid Mechanics bS.K. Kataria & SonsaNew Delhic2001 a18.22 aMechanical cBK c7633d7633 pBE 4343g250.00l0o105.23 Kumr2024-06-13 00:00:00w2022-10-30yBK003Print4070aMIETLIBbMIETLIBcBL-Academic Bolck C, FL-2, CUP-160, SH-4, R-4d2001-12-1110HBE pBE 4344g250.00l0o105.23 Kumr2024-06-13 00:00:00w2022-10-30yBK003Print4071aMIETLIBbMIETLIBcBL-Second, FL-1, CUP-71, SH-4, R-4d2001-12-1110HBE